000 00613nam a2200205Ia 4500
003 GCL
008 140319s9999 xx 000 0 ara d
040 _aGCL /
_cGCL
082 0 4 _a811.5
_bم ش
100 1 _aمحمد سيد كيلانى
245 1 0 _aالشريف الرضى /
_cمحمد سيد كيلانى
300 _a411 ص
490 _aكتاب
_v0
650 0 4 _aالادب العربى
650 0 4 _aالشعر العربى - تاريخ ونقد
650 0 4 _aالشعراء - تراجم
650 0 4 _aالشعر العربى - تاريخ
650 0 4 _aالشريف الرضى
942 _2ddc
_cBK
999 _c41005
_d41005